Sanat - "Kevät" - Tavaramarkkinat - Statistics

Yleistilastot
  • Tätä visaa on pelattu 474 kertaa
  • Keskiarvotulos 83 / 114
Vastaustilastot
Sanat % Oikein
Hakaniemen
99%
kevät
99%
Kevät -
99%
kevät,
99%
kevät -
99%
kuljen
99%
On
99%
on
99%
ja
97%
rantaan.
97%
rantaan,
97%
rantaan...
97%
ei
96%
siis
96%
mutta
93%
Tuuli
93%
tuule,
89%
jaksaa.
87%
minä
87%
salmiakkia,
86%
salmiakkia...
86%
tarjosit
86%
elämän.
85%
koko
85%
Sinä
85%
en
84%
kyllä
84%
olin
83%
peliin
82%
sade
82%
hölmö,
81%
enää
80%
vain
80%
panin
79%
antaa,
75%
antaa?
75%
mitään
75%
pystynkö
73%
vielä
70%
kantaa,
68%
Vaikka
68%
haluu
67%
konkurssin
66%
koin,
65%
jalat
64%
maksaa.
53%
sydän
50%
ne
46%
poikia,
45%
pojat
45%
tunne,
45%
lupaa
42%
palaa.
42%
uskoin
39%
vakavaan
37%
valaan,
36%
ihmistä
32%
jo
31%
selkään.
31%
voi
31%
otin
29%
pelkään,
29%
pelkään.
29%
turpiin
28%
estää.
25%
kestää,
25%
sadetta
25%
taivas
23%
pilvet
21%
kaiketi
20%
sinua
20%
tosiaan
18%
eikä
14%
luin,
14%
Ehtoja vastaavia visoja ei löytynyt
Tulosjakauma
Jokaisen tuloksen saaneiden osuus
Persentiili vastausten määrän mukaan
Tuloshistoriasi
Et ole pelannut tätä visaa